Estadísticas para Máximos goleadores en la historia del Real Madrid

Haz click aquí para intentar la prueba.

Estadísticas generales

  • Esta prueba ha sido intentada 155 veces
  • La puntuación promedio es 8 de 10

Estadísticas de respuestas

GolesNacionalidadJugador% Correcto
450PortugalCristiano Ronaldo
100%
354FranceKarim Benzema
98%
323EspañaRaúl
96%
278Argentina / EspañaAlfredo di Stéfano
94%
204Hungría / EspañaFerenc Puskás
87%
199MéxicoHugo Sánchez
87%
165EspañaPaco Gento
73%
168EspañaEmilio Butragueño
53%
267EspañaSantillana
39%
156EspañaPirri
29%

Distribución de puntuación

Porcentaje por número respondido

Porcentaje de gente con cada puntuación

Historial de tus puntuaciones

No has intentado esta prueba.